000 01180nam a22002777a 4500
001 BD-DhSAU 9278
003 BD-DhSAU
005 20260513120618.0
008 260513b2018 bg a|||| m||| 00| 0 eng d
040 _aBD-DhSAU
082 _222
_a636.085
_bSa992
100 _aAMIN, SAYED BINOY
_eRegistration # 18-08868
245 _aEffects of synthetic choline and herbal choline on growth performance, carcass characteristics and serum lipid profile of broiler chickens /
_bMS thesis
260 _aSher-e-Bangla Agricultural University;
_bDepartment of Animal nutrition, genetics and breeding ;
_c2024.
300 _axi, 61p. :
_bill. ;
_c30 cm.
500 _aMS thesis of Department of Animal nutrition, genetics and breeding ;, ;, Faculty of ASVM. Sher-e-Balgla Agricultural University Dhaka-1207
504 _aIncludes bibliographical reference.
590 _aNazmul
650 _asynthetic choline
650 _aherbal choline
651 _aserum lipid profile of broiler chickens
700 _aProf. Dr. Md. Mufazzal Hossain
_eSuperviser
710 _eCo-Superviser
_a Assist. Prof. Md. Mahfuj Ullah Patoary
942 _2ddc
_cTHESIS
999 _c18404
_d18403